Los obispos auxiliares
Saved in:
| Hovedforfatter: | |
|---|---|
| Format: | Bog |
| Sprog: | spansk |
| Udgivet: |
Pamplona
Eunsa
1979
|
| Serier: | Canónica de la Universidad de Navarra
|
| Fag: | |
| Tags: |
Tilføj Tag
Ingen Tags, Vær først til at tagge denne postø!
|
MARC
| LEADER | 00000nam a2200000 a 4500 | ||
|---|---|---|---|
| 001 | UCT7939 | ||
| 003 | CL-VaPUC | ||
| 008 | 970317e19790000SP |||||||||||||||||spa|d | ||
| 082 | 0 | 4 | |a 262.12 |b DEL |2 21 |
| 100 | 0 | |a Delgado, Gregorio |e author |9 379280 | |
| 245 | 1 | 4 | |a Los obispos auxiliares |
| 300 | |a 241 p | ||
| 942 | |c BK | ||
| 945 | |d 19970317 00:00:00 |a paguirre | ||
| 260 | |a Pamplona |b Eunsa |c 1979 | ||
| 650 | 7 | |a OBISPOS |2 CL-VaPUC |9 379281 | |
| 650 | 0 | |a Iglesia Católica |9 256114 | |
| 650 | 7 | |a DERECHO CANONICO |2 CL-VaPUC |9 379282 | |
| 650 | 0 | |a Personas no religiosas |9 349308 | |
| 650 | 7 | |a TRABAJO PASTORAL |2 CL-VaPUC |9 339879 | |
| 583 | |a last modification |c 19970317 00:00:00 |k Rodrigo Vera | ||
| 490 | 0 | |a Canónica de la Universidad de Navarra | |
| 999 | |c 256485 |d 256483 | ||
| 952 | |0 0 |1 0 |4 0 |6 262_120000000000000_DEL_1979 |7 0 |8 A |9 279247 |a BIBDER |b BIBDER |d 2019-11-19 |i 1809881 |o 262.12 DEL 1979 |p 1809881 |r 2023-01-25 |w 2019-11-19 |y BK |k DER | ||